Fázový diagram sústavy draselno-horečnatého hnojiva
Saved in:
| Main Author: | |
|---|---|
| Other Authors: | |
| Format: | Manuscript Book |
| Language: | Slovak |
| Published: |
2019
|
| Subjects: | |
| Online Access: | http://is.stuba.sk/zp/portal_zp.pl?podrobnosti=143020 |
| Tags: |
No Tags, Be the first to tag this record!
|
MARC
| LEADER | 00000ntm a22000003a 4500 | ||
|---|---|---|---|
| 001 | stuzp73780 | ||
| 003 | SK-STU | ||
| 005 | 20210408151521.0 | ||
| 007 | ta | ||
| 008 | 150427s2015----xo-----f-mn---000-0-slo-d | ||
| 040 | |a STU |b slo | ||
| 041 | 0 | |a slo | |
| 100 | 1 | |a Karľová, Mária |u 042120 |k Z4 |4 aut |U FCHPT Ústav anorganickej chémie, technológie a materiálov |T FCHPT Oddelenie anorganickej technológie |X 2354 |U C2120 |Y 111 |7 2354 | |
| 242 | 0 | 1 | |a Pfase diagram of the potasium-magnesium fertilizer |y eng |
| 245 | 1 | 0 | |a Fázový diagram sústavy draselno-horečnatého hnojiva |
| 260 | |c 2019 | ||
| 650 | 4 | |a recipročná sústava |2 slo | |
| 650 | 4 | |a K2SO4 - KCl - MgCl2 - MgSO4 - H2O |2 slo | |
| 650 | 4 | |a síran draselný |2 slo | |
| 650 | 4 | |a zmesné hnojivá |2 slo | |
| 650 | 4 | |a fázové rovnováhy |2 slo | |
| 650 | 4 | |a reciprocal system |2 eng | |
| 650 | 4 | |a K2SO4 - KCl - MgCl2 - MgSO4 - H2O |2 eng | |
| 650 | 4 | |a potassium sulphate |2 eng | |
| 650 | 4 | |a mixed fertilizers |2 eng | |
| 650 | 4 | |a phase equilibrium |2 eng | |
| 700 | 1 | |a Danielik, Vladimír |u 042120 |k Z1 |4 ths |U FCHPT Ústav anorganickej chémie, technológie a materiálov |T FCHPT Oddelenie anorganickej technológie |X 3984 |U C2120 |Y 111 |7 A000003984 | |
| 856 | 4 | |u http://is.stuba.sk/zp/portal_zp.pl?podrobnosti=143020 | |